• 首页
  • 本馆介绍
  • 公告通知
  • 最新文献
  • 馆藏检索
  • 电子资源
  • 读者导购
  • 参考咨询
  • 我的图书馆
  • 登录
  • 详细信息显示
  • 放入我的书架
  • 预约/预借图书
  • 作者相关作品
  • 分类相关作品
  • 丛书相关作品
  • 出版社相关作品

书目信息

  • 表格格式
  • 工作单格式
  • 卡片格式
题名:
祖国是我家
    
 
作者: 葛高林 主编 ;姚静 编写
分册:  
出版信息: 南京   江苏凤凰文艺出版社  2019
页数: 184页
开本: 21cm
丛书名:
单 册:
中图分类: D647-49 , D647
科图分类:
主题词: 爱国主义教育--中国--青少年读物
电子资源:
ISBN: 978-7-5594-3312-1
000 00759nam0 2200253 450
001 2443076144
005 20240829105651.32
010    @a978-7-5594-3312-1@dCNY20.00
100    @a20191008d2019 demy0chiy0120 ea
101 0  @achi
102    @aCN@b320000
105    @aa z 000yy
200 1  @a祖国是我家@9zu guo shi wo jia@b专著@e中学版@f《祖国是我家》编委会编
210    @a南京@c江苏凤凰文艺出版社@d2019
215    @a184页@c图,照片@d21cm
300    @a庆祝中华人民共和国成立70周年
314    @a主编:葛高林;编写:姚静[等]
606 0  @a爱国主义教育@x中国@j青少年读物
690    @aD647-49@v5
690    @aD647@v4
701  0 @a葛高林@9ge gao lin@4主编
702  0 @a姚静@9yao jing@4编写
801  2 @aCN@b58marc.cn@c20200622
905    @aZUCC@dD647@e34
    
    祖国是我家:中学版/《祖国是我家》编委会编.-南京:江苏凤凰文艺出版社,2019
    184页:图,照片;21cm
    庆祝中华人民共和国成立70周年
    
    ISBN 978-7-5594-3312-1:CNY20.00
    
●
相关链接 在五车中查询图书 在当当中查询图书 在豆瓣中查询图书


正题名:祖国是我家     索取号:D647/34         预约/预借

序号 登录号 条形码 馆藏地/架位号 状态 备注
1 2001768307   2001768307   第四书库/四26架B面4层4列/ [索取号:D647/34] 在馆    
2 2001768308   2001768308   第四书库/四26架B面4层4列/ [索取号:D647/34] 在馆    
3 2001768309   2001768309   第四书库/四26架B面4层4列/ [索取号:D647/34] 在馆    
4 2001768310   2001768310   第四书库/四26架B面4层4列/ [索取号:D647/34] 在馆    
5 2001768311   2001768311   第四书库/四26架B面4层4列/ [索取号:D647/34] 在馆    
6 2001769326   2001769326   第四书库/四26架B面4层4列/ [索取号:D647/34] 在馆    
山东省滨州职业学院图书馆 欢迎您!
大连网信软件有限公司© 版权所有